000 02164cam a22005534i 4500
003 PE-LiUPU
005 20250731165520.0
008 150623s r 000 0 d
020 _a8448133994
035 _a(Sirsi) i9788448133993
040 _aPE-LiUPU
_bspa
_cPE-LiUPU
_erda
049 _aPRUA
082 0 4 _a001.642
_bM12
_221
100 1 _aMcClure, Stuart,
_eautor.
245 1 0 _aHackers :
_bsecretos y soluciones para la seguridad de redes /
_cStuart McClure, Joel Scambray, George Kurtz ; traducción, Jorge Rodríguez Vega.
264 1 _aMadrid, :
_bMcGraw-Hill/Interamericana ,
_c2002.
300 _a854 páginas :
_bilustraciones, fotos, tablas, gráfs, figuras ;
_c24 centímetros
300 _aCD
336 _atext
_2rdacontent
337 _aunmediated
_2rdamedia
338 _avolume
_2rdacarrier
500 _aEdición fotocopiada.
505 0 _aIdentificar el problema. - Hacking del sistema. - Hacking en la red. - Hacking del software.
526 _aSEG44
526 _aSEG26
526 _aP151
526 _aP150
526 _aP149
526 _aP146
526 _aP145
526 _aP126
526 _aP125
526 _aP92
526 _aP75
526 _aP74
526 _aP27
526 _aP15
541 _g0030-0000285;
650 0 4 _aRedes de computadora
_xMedidas de seguridad.
700 1 _aScambray, Joel.
942 _2ddc
_cBOOK
949 _a001.642 M12
_wDEWEY
_c1
_i51996
_lDISCARD
_mBUL
_p26.00
_r0
_sY
_tBOOK
_u2015-6-24
_xBIBLIOTECA
_zUNKNOWN
_0COMPRA
_o.STAFF. Colección General
949 _a001.642 M12
_wDEWEY
_c2
_i56049
_lDISCARD
_mBUL
_p26.00
_r0
_sY
_tBOOK
_u2015-6-24
_xINGENIERIA
_zUNKNOWN
_0COMPRA
_o.STAFF. Colección General
994 _aC0
_bPEPRU
596 _a1
999 _a001.642 M12
_wDEWEY
_c33745
_i51996
_lDISCARD
_mBUL
_p26.00
_r0
_sY
_tBOOK
_u2015-6-24
_xBIBLIOTECA
_zUNKNOWN
_0COMPRA
_o.STAFF. Colección General
_d33745
999 _a001.642 M12
_wDEWEY
_c2
_i56049
_d2018-8-23
_f2021-11-4
_g6
_lCCODEBUL1
_mBUL
_p26.00
_q1
_r0
_sY
_tBOOK
_u2015-6-24
_xBIBLIOTECA
_zUNKNOWN
_0COMPRA
_o.STAFF. Colección General
980 _81
_gALBERTO SANCHEZ Responsable de Automatización